000 00675nam a2200241Ia 4500
003 OSt
005 20220923225145.0
006 a|||||r|||| 00| 0
007 ta
008 220922b |||||||| |||| 00| 0 hin d
024 _a258,829
037 _cTextual
040 _aARTS
_cARTS
_bhin
041 _2hin
_ahin
082 _aQ1:(R4), 152M2.6
100 _aद्विवेदी, कपिल देव
245 0 _aनीति शिक्षा
246 _aNīti shikṣhā
260 _c1982
650 _aधर्म
942 _hQ1:(R4), 152M2.6
_cTEXL
_2CC
999 _c376445
_d376445